000 00327nam a22001337a 4500
020 _a0-330-36935-0
082 _a823
_bAND/N
100 _aANDREWS, KATE
245 _aMAKING FRIENDS
_bNICE ONE, TARA
260 _aGREAT BRITAIN
_bMACMILLAN CHILDREN'S BOOK
_c1998
300 _a136
650 _aNOVEL
_zUNITED KINGDOM
942 _cBK
999 _c2506
_d2506